Statistics for Countries that start with D

Click here to take the quiz!

General Stats

  • This quiz has been taken 53 times
  • The average score is 4 of 5

Answer Stats

HintAnswer% Correct
2Denmark
100%
3Djibouti
88%
4Dominica
84%
5Dominican Republic
84%
1Democratic Republic
of the congo
77%

Score Distribution

Percentile by Number Answered

Percent of People with Each Score

Your Score History

You have not taken this quiz